| 000 | 00567nam a2200205Ia 4500 | ||
|---|---|---|---|
| 003 | OSt | ||
| 005 | 20251113181840.0 | ||
| 008 | 210423s2009 xx 000 0 und d | ||
| 020 | _a1403911029 | ||
| 040 | _cAL | ||
| 041 | _aEnglish | ||
| 082 |
_a370.19 _bKHEL |
||
| 100 |
_aShiv Khera _982549 |
||
| 245 |
_aLiving with honour _b: whats easy to see is easy to miss |
||
| 260 |
_aNew Delhi _bMacmillan India Ltd _c2009 |
||
| 300 |
_axii,202p. _bPB _c21.3x14cm. |
||
| 365 |
_b295 _cINR |
||
| 906 | _aeasy ; honour: ; Living ; miss. ; see ; whats | ||
| 942 |
_2ddc _cBK |
||
| 999 |
_c157971 _d157971 |
||